| 000 | 00513nam a22001697a 4500 | ||
|---|---|---|---|
| 005 | 20250508163943.0 | ||
| 010 | _aENG-144831 | ||
| 020 | _c300.00 | ||
| 035 | _aEN-128363 | ||
| 037 | _bDBAD | ||
| 082 |
_21 _a483.1 |
||
| 245 |
_aAyyanu's Dictionary of Synonyms and Antonyms _cEdited By Muguvai Su.Shrinivasan |
||
| 260 |
_aChennai _bAKS Books World _c2016 |
||
| 270 |
_a8(Old No-38-B)Srinivasan Street T.Nagar _bChennai _e600049 |
||
| 300 |
_a269P. _c22c.m(pb) |
||
| 942 |
_2ddc _cEN _h483.1 _mDIC |
||
| 999 |
_c211240 _d211240 |
||